01034nam a2200313Ia 450000500170000000800410001702000180005802000150007604100080009110000260009924501070012525000220023230000250025449000130027953400340029265000400032665000440036665000330041065000420044370000410048594200150052626400300054133600270057133700330059833800280063104000350065908400110069499900150070520220317001814.0170328s2014 s g 000 f s  a9789584241641 a9584241648 aspa1 aKundera, Miland1929-13aLa fiesta de la insignificanciacMilan Kundera ; traducido del original francés por Beatriz de Moura aPrimera edición a138 páginasc21 cm aAndanzas tLe fêite de l'insignifiance142LEMBaNovela checoslovacaySiglo XX142LEMBaLiteratura checoslovacaySiglo XX142LEMBaHumor en la literatura142LEMBaVida cotidiana en la literatura1 aMoura, Beatriz deetraductora991191 2loccBKLIT aBarcelonabTusquetsc2014 atextobtxt2rdacontent asin mediaciónbn2rdamedia avolumenbnc2rdacarrier aCO-BoRNBPbspaerdacCO-BoRNBP aN KUN1 c8158d8158